000 03074nam a22002417a 4500
003 GR-AtMCL
005 20260114102957.0
006 a|||||r|||||||||||
008 s2016||||gr g ||| gre d
020 _a9789604616893
040 _bgre
_aGR-AtMCL
_dGR-AtMCL
_eAACR2
041 1 _heng
100 _aHannah, Kristin
_910260
245 0 3 _aΤο αηδόνι /
_cKristin Hannah ; μετάφραση Χριστίνα Σωτηροπούλου
260 _aΑθήνα :
_bΚλειδάριθμος,
_c2016
300 _a631 σ.
500 _aΤίτλος πρωτοτύπου: The nightingale
520 _aΓαλλία, 1939. Στο μικρό χωριό Καριβό, η Βιαν αποχαιρετά τον σύζυγό της Αντουάν που φεύγει για το μέτωπο. Σύντομα οι Ναζί εισβάλλουν στη Γαλλία με ορδές στρατιωτών, φορτηγών και τανκς, με αεροπλάνα που σκοτεινιάζουν τον ουρανό και βομβαρδίζουν αθώους. Επιτάσσουν το σπίτι της κι εκείνη με την κόρη της υποχρεώνονται να ζήσουν κάτω από την ίδια στέγη με τον εχθρό. Χωρίς τρόφιμα, χρήματα και ελπίδες, με τον πόλεμο να θεριεύει γύρω τους, η Βιαν αναγκάζεται να πάρει τη μια σκληρή απόφαση μετά την άλλη για να εξασφαλίσει την επιβίωση της οικογένειάς της.Η 18χρονη αδερφή της Βιαν, η Ιζαμπέλ, είναι μια επαναστάτρια που ψάχνει να βρει νόημα στη ζωή της με όλο το ριψοκίνδυνο πάθος της νιότης. Γνωρίζει έναν γοητευτικό παρτιζάνο και τον ερωτεύεται όπως μόνο οι έφηβοι μπορούν -απόλυτα. Όταν εκείνος την προδίδει, η Ιζαμπέλ προσχωρεί στην Αντίσταση χωρίς δεύτερη σκέψη...Με θάρρος, γοητευτική γραφή και διεισδυτική ματιά, η πολυδιαβασμένη συγγραφέας Kristin Hannah αποτυπώνει το επικό πανόραμα του Δευτέρου Παγκοσμίου Πολέμου και φωτίζει ένα κομμάτι της Ιστορίας που βλέπουμε σπάνια: τον πόλεμο των γυναικών. "Το αηδόνι" είναι ένα συγκλονιστικό μυθιστόρημα, ένας ύμνος στις αντοχές της ανθρώπινης ψυχής και στη δύναμη των γυναικών.Ένα μυθιστόρημα για όλους, ένα μυθιστόρημα για πάντα.
650 0 _aΑμερικανική λογοτεχνία
_910235
653 _aΛογοτεχνία
942 _cBK
999 _c10043
_d10043